Traditional Buildings Of India (Record no. 4953)
[ view plain ]
| 000 -LEADER | |
|---|---|
| fixed length control field | 00285nam a2200109Ia 4500 |
| 008 - FIXED-LENGTH DATA ELEMENTS--GENERAL INFORMATION | |
| fixed length control field | 200302s9999 xx 000 0 und d |
| 100 ## - MAIN ENTRY--PERSONAL NAME | |
| Personal name | Ilay Cooper and Others |
| 245 ## - TITLE STATEMENT | |
| Title | Traditional Buildings Of India |
| 260 ## - PUBLICATION, DISTRIBUTION, ETC. | |
| Name of publisher, distributor, etc. | Thames and Hudson Publishers, USA |
| 260 ## - PUBLICATION, DISTRIBUTION, ETC. | |
| Date of publication, distribution, etc. | 1998 |
| 300 ## - PHYSICAL DESCRIPTION | |
| Extent | 192 P |
| Withdrawn status | Lost status | Source of classification or shelving scheme | Damaged status | Not for loan | Permanent Location | Current Location | Date acquired | Total Checkouts | Total Renewals | Full call number | Barcode | Date last seen | Date last checked out | Koha item type | Price effective from |
|---|---|---|---|---|---|---|---|---|---|---|---|---|---|---|---|
| BMS College of Architecture, Design and Planning | BMS College of Architecture, Design and Planning | 2021-01-06 | 2 | 2 | 720.954 COO | AR-UG1970 | 2024-08-12 | 2024-08-12 | UG Books | ||||||
| BMS College of Architecture, Design and Planning | BMS College of Architecture, Design and Planning | 2023-06-12 | 1 | 720.954 COO | CL-UG69946 | 2024-08-12 | 2024-08-12 | UG Books from CL | 2023-06-12 |